<?xml version="1.0" encoding="UTF-8"?>
<record
    xmlns:xsi="http://www.w3.org/2001/XMLSchema-instance"
    xsi:schemaLocation="http://www.loc.gov/MARC21/slim http://www.loc.gov/standards/marcxml/schema/MARC21slim.xsd"
    xmlns="http://www.loc.gov/MARC21/slim">

  <leader>02902njm a2200289Ia 4500</leader>
  <controlfield tag="001">25585</controlfield>
  <controlfield tag="003">IT-RoPAU</controlfield>
  <controlfield tag="005">20220918181120.0</controlfield>
  <controlfield tag="008">131025s9999    xx            000 0 und d</controlfield>
  <datafield tag="040" ind1=" " ind2=" ">
    <subfield code="a">IT-RoPAU</subfield>
  </datafield>
  <datafield tag="040" ind1=" " ind2=" ">
    <subfield code="c">IT-RoPAU</subfield>
  </datafield>
  <datafield tag="999" ind1=" " ind2=" ">
    <subfield code="c">99730</subfield>
    <subfield code="d">99730</subfield>
  </datafield>
  <datafield tag="999" ind1=" " ind2=" ">
    <subfield code="b">n.d.</subfield>
  </datafield>
  <datafield tag="100" ind1=" " ind2=" ">
    <subfield code="a">AA.VV.</subfield>
    <subfield code="9">794</subfield>
  </datafield>
  <datafield tag="100" ind1=" " ind2=" ">
    <subfield code="e">Autore musica</subfield>
    <subfield code="9">12222</subfield>
  </datafield>
  <datafield tag="100" ind1=" " ind2=" ">
    <subfield code="g">Codice autore musica SPICS: 12000</subfield>
    <subfield code="9">796</subfield>
  </datafield>
  <datafield tag="245" ind1=" " ind2=" ">
    <subfield code="a">Caramba 2000</subfield>
  </datafield>
  <datafield tag="250" ind1=" " ind2=" ">
    <subfield code="a">1a ed.</subfield>
  </datafield>
  <datafield tag="260" ind1=" " ind2=" ">
    <subfield code="a">ITALIA</subfield>
  </datafield>
  <datafield tag="260" ind1=" " ind2=" ">
    <subfield code="b">POLYDOR</subfield>
    <subfield code="c">1977 [1a Ed.:1977 - Ed. Lingua Orig.: 1977]</subfield>
  </datafield>
  <datafield tag="300" ind1=" " ind2=" ">
    <subfield code="a">DISCO</subfield>
  </datafield>
  <datafield tag="300" ind1=" " ind2=" ">
    <subfield code="c">43 minuti (Testo:  pag.)</subfield>
  </datafield>
  <datafield tag="500" ind1=" " ind2=" ">
    <subfield code="a">Musica strumentale. Potpourri</subfield>
  </datafield>
  <datafield tag="505" ind1=" " ind2=" ">
    <subfield code="a">Eviva el amor [(Stein J.-Dietrich Wolf) (2:00)] - Brasil [(Barroso Ari) (2:00)] - Volare cantare ](Bambina) (Modugno-Migliacci-Feltz) (2:00)] - A media luz [(Donato Edgardo) (2:00)] - Cuando calienta el sol [(Rigual C. &amp; M.) (2:00)] - Eviva Espana [(Caerts L.-Bratke Hans) (2:00)] - Dolores [(Meijer Bert W.) (2:00)] - A banda [(Barque Chico) (2:00)] - Bella Italia [(Frankfurter -Lego-Moering) (2:00)] - Valencia [(Delgado Roberto) (2:00)] - Gigi l'amoroso [(Michaele Sebastian) (2:00)] - Taka taka [(Verlane Al) (2:00)] - Rumba tambah [(Hernandez Rafael) (2:00)] - Borriquito [(Peret C.P.) (2:00)] - January... february... [(Goazewijn G.-Bolan A.-Tamalo H.) (2:00)] - Manana [(Barbour Dave-Lee Peggy) (2:00)] - Ramaya [(Simone Afric-Regal Stan) (2:00)] - Caramba el la playa [(Caramba On the Beach) (Delgado Roberto) (4:00)] - El gato Montez [(Penella) (2:00)] - Espana cani [(Marquina) (2:00)] - Fiesta di Beurba [(Bass-Beurden) (2:00)] - Tango d'amor [(Leandros Leo-Munro Klaus) (2:00)] - The Whistling Scout [(Kraamer Ad) (2:00)] - El bimbo [(Morgan Claude) (2:00)] - Tico tico [(Abreu Zequinha) (2:00)] - Tulpen Aus Amsterdam [(Arnie Ralf-Neumann K.G.-Bader Ernst) (2:00)] - Mama Inez (Granst) - Carioca (Youmans Vincent) - El colas (Anonimo-Delgado Roberto) - La bamba (Anonimo-Wende Horst) - Amor, amor, amor (Ruiz Gabriel) - Tequila (Rio Chuck) - Besame mucho (Velazquez Consuelo) - Mexicana (Delgado Roberto) - Summer samba (Valle M.-Valle P.) - El condor pasa (Anonimo-Delgado Roberto) - Negra Maria Esther (Gayoso-Zuber Ryszard) - Carnevalito (Zalvidar E.P. Jr) - Rum and Coca Cola (Baron P.-Sullavan J.) - Tabasco (Zeeden) - Perfidia (Dominguez A.) - La ragazza (Prado Perez) - Adios mariquita linda (Simenez) - Amapola (Lacalle J.M.-Gamse A.) - Un poco rio (Ogerman C.) - Ave Maria no morro (Martins H.) -  Maria Elena (Barcelata L.) - Vaya con Dios (Russell-James J.-Pepper B.) - Banana Boat (Anonimo-Delgado Roberto) - Soul Calypso (Philipp K.) - Corcovado (Jobim) - Pepito (Truscott-Taylor) - El rancho grande (Anonimo-Delgado Roberto) - La felicidad (Ortega P.-Delgado Roberto)</subfield>
  </datafield>
  <datafield tag="650" ind1=" " ind2=" ">
    <subfield code="a">FOLK [DISCHI]</subfield>
    <subfield code="e">Codice MATERIA SPICS: 9950</subfield>
    <subfield code="9">1209</subfield>
  </datafield>
  <datafield tag="700" ind1=" " ind2=" ">
    <subfield code="a">Delgado Roberto</subfield>
    <subfield code="g">Codice interprete SPICS: 7994</subfield>
    <subfield code="9">12223</subfield>
    <subfield code="e">Interprete</subfield>
  </datafield>
  <datafield tag="942" ind1=" " ind2=" ">
    <subfield code="c">MD</subfield>
    <subfield code="2">ddc</subfield>
  </datafield>
  <datafield tag="952" ind1=" " ind2=" ">
    <subfield code="0">0</subfield>
    <subfield code="1">0</subfield>
    <subfield code="4">0</subfield>
    <subfield code="6">25585_000000000000000</subfield>
    <subfield code="7">1</subfield>
    <subfield code="a">SPICS</subfield>
    <subfield code="b">SPICS</subfield>
    <subfield code="d">2013-10-25</subfield>
    <subfield code="l">0</subfield>
    <subfield code="o">25585</subfield>
    <subfield code="r">2013-10-25 00:00:00</subfield>
    <subfield code="w">2013-10-25</subfield>
    <subfield code="y">MD</subfield>
    <subfield code="z">Progr. Ins.: 5459 / N.Vol.: 1 / Copie: 1 - Copia rara: n.d. / date import: 01.01.2014 - By Epidotti, Trombetti, Vaglietti</subfield>
  </datafield>
</record>
